[Event "Radulescu Memorial"]
[Site "Calimanesti"]
[Date "1999.??.??"]
[Round "6"]
[White "Nanu, Ciprian Costica"]
[Black "Solak, Dragan"]
[Result "1/2-1/2"]
[WhiteElo "2420"]
[BlackElo "2460"]
[Annotator "Smirin,I"]
[PlyCount "106"]
[EventDate "1999.02.??"]
[EventType "tourn"]
[EventRounds "13"]
[EventCountry "ROU"]
[EventCategory "8"]
[SourceTitle "CBM 070"]
[Source "ChessBase"]
[SourceDate "1999.06.08"]
[SourceVersion "1"]
[SourceVersionDate "1999.06.08"]
[SourceQuality "1"]

1. e4 c5 2. Nf3 e6 3. d3 Nc6 4. g3 g6 5. Bg5 Qb6 (5... Qc7 6. Bg2 Bg7 7. c3 e5
(7... Nge7 8. O-O d5 9. Na3 (9. Re1 h6 10. Be3 d4 (10... b6 $5 $13 {[%cal
Yc8a6,Gc8b7]}) 11. cxd4 cxd4 12. Bd2 e5 13. b4 Be6 14. Na3 a6 15. Rc1 b5 {
[%csl Ra3]} 16. Nh4 $36 {[%cal Gf2f4,Gf4f5]} Qd6 17. f4 Nxb4 18. fxe5 Bxe5 19.
Nf5 $1 $16 {1-0 Glek,I-Psakhis,L/Haifa 1996 (39)}) 9... O-O 10. Re1 h6 11. exd5
Nxd5 12. Bd2 b6 13. Qc1 Kh7 14. Re4 $5 {[%csl Rh6][%cal Ge4h4]} f6 15. d4 cxd4
16. Nb5 Qd7 17. Nbxd4 Nxd4 18. Rxd4 $14 {Glek,I-Short,N/EU-ch Rapid-30' 1996/
1-0 (54)}) 8. O-O d6 9. Na3 h6 10. Nb5 Qd7 11. Be3 Nge7 12. d4 Nxd4 13. Nbxd4
cxd4 14. cxd4 O-O 15. Qd2 exd4 $2 (15... Kh7 16. Rfd1 $16) 16. Bxh6 Nc6 17.
Bxg7 Kxg7 18. Nxd4 $18 {Morozevich,A-Gulko,B/Moscow PCA-GP rapid 1995/1-0 (43)}
) 6. Qc1 (6. Na3 $5 Qxb2 7. Nc4 Qc3+ 8. Bd2 Qg7 9. Bg2 Be7 10. O-O d6 11. c3
$44 {1-0 Ehlvest,J-Zhang Zhong/Lee Cup 1996 (27)}) 6... Bg7 7. c3 d5 (7... Nge7
8. Bg2 d5 9. O-O O-O 10. Bh6 dxe4 11. dxe4 Bxh6 12. Qxh6 {[%cal Gf3g5]} f6 13.
b3 $14 {[%cal Ge4e5,Yb1d2,Yd2c4] Renet,O-Apicella,M/Clichy 1995/0-1 (44)}) 8.
Bg2 h6 9. Bd2 (9. Be3 d4 10. cxd4 cxd4 11. Bd2 e5 12. Na3 Be6 13. O-O Rc8 14.
Nc4 Qd8 15. a4 a5 16. b3 $14 {[%cal Gf3e1,Gf3h4,Yf2f4] Beshukov,S-Landa,K/
RUS-Cup9 1997/0-1 (86)}) 9... Nf6 10. O-O $6 (10. exd5 exd5 11. O-O O-O 12.
Bxh6 Bxh6 13. Qxh6 Qxb2 $15) 10... Kf8 $6 {[%csl Rh6][%cal Gf8g8,Gg8h7]
Strange desision.After simple} (10... dxe4 $5 11. dxe4 Nxe4 {it looks
difficult to white to get any visible compensation for sacrifised pawn.} 12.
Be3 Ne7 $1 {[%cal Ge7f5,Ge7d5]} 13. Ne1 {[%cal Ge1d3]} (13. Nbd2 Nxd2 14. Qxd2
(14. Nxd2 Nf5 $15) 14... Nd5 $17) 13... f5 14. Nd3 Nd5 15. Bxe4 $6 (15. Na3
Nxe3 16. Qxe3 Nd6 17. Nxc5 O-O $15) 15... fxe4 16. Nxc5 Nxe3 17. Qxe3 Qxb2 $17)
11. Re1 Kg8 12. Na3 Kh7 13. h3 $6 {Loosing a tempo.Better was immidiatly} (13.
Bf4 {[%cal Ge4e5,Gh2h4]}) 13... Rd8 14. Bf4 Qa6 $5 {[%cal Gb7b5,Gb5b4]} 15. Bf1
(15. e5 $5 Nd7 16. d4 {[%cal Gg2f1,Ya3b5,Yb5d6]} (16. c4 $5 {[%cal Ga3b5,Gb5d6,
Gh3h4]} g5 17. cxd5 exd5 18. Bxg5 hxg5 19. Nxg5+ Kg8 20. Nxf7 $1 (20. e6 $5)
20... Kxf7 21. Bxd5+ Kg6 $8 22. Be4+ Kf7 23. Qf4+ $36) 16... b5 17. Bf1 Rb8 18.
Nc2 $14 {[%cal Gb2b4]}) 15... b5 16. e5 Ng8 $5 {After"more natural"} (16... Nd7
$6 17. d4 {black's knight d7 can't take part in defense of the kingside.}) 17.
c4 ({Deserved attention} 17. d4 $5 c4 18. Nc2 Qb6 $13 {[%cal Ga7a5,Gb5b4]} (
18... Nge7 19. a4 bxa4 20. b3 $1 $14) 19. h4 {[%csl Gf6][%cal Gc2e3,Ge3g4,
Yf3g5,Rh4g5] with good attacking chanses on the kingside.}) 17... bxc4 18. dxc4
Qb6 (18... d4 $6 19. Nb5 $14 {[%csl Gd6,Ge4]}) 19. Nb5 Ba6 20. Rb1 (20. Nd6
Rxd6 21. exd6 Bxb2 22. Qc2 Bxa1 23. Rxa1 (23. cxd5 Nb4 $19) 23... Rb8 $13 (
23... d4 $6 24. Rb1 $132 Nb4 25. Qd2 {[%cal Gf3d4]})) 20... Bxb5 21. cxb5 Nb8
22. h4 a6 23. a4 {preventing development of the knight b8.After} (23. bxa6 Nxa6
24. h5 Ne7 $15 {black's position looks slightly better.}) 23... axb5 24. axb5
Ne7 25. h5 Nd7 {[%csl Rb5][%cal Gc5c4,Yd7c5,Yc5b3]} 26. b3 Ra2 $15 27. Ra1 Rda8
28. Rxa2 Rxa2 29. Qb1 Qa7 (29... Qa5 $5) 30. Bd3 Nf5 31. g4 c4 $5 {[%cal Ra7f2]
} 32. Be2 $8 Ne7 33. bxc4 dxc4 34. Be3 (34. Qc1 $143 Nd5 35. Bg3 (35. Qxc4 $2
Ra4 $19 {[%cal Ra4f4]}) 35... c3 $15) 34... Qa4 35. Bd4 ({Dosn't work} 35. g5
Nxe5 36. Nxe5 Bxe5 37. gxh6 Ra1 $19) 35... c3 {[%cal Ga4g4]} 36. Qd3 Nd5 37.
hxg6+ fxg6 38. Qc4 (38. Qe4 {[%csl Rg6][%cal Ge2d3]} Nc5 $1 39. Ng5+ $6 hxg5
40. Qh1+ Kg8 41. Bxc5 Rxe2 42. Rxe2 Qd1+ $19) 38... Nf4 $1 39. Qxa4 Rxa4 40.
Bf1 Bf8 ({Better was attempt to keep passed "c" pawn} 40... c2 41. Rc1 Ra2 42.
Ne1 (42. Bc4 {[%cal Gg1f1]} Ra3 43. Ne1 Nxe5 44. Bxe5 Bxe5 45. Rxc2 Ra1 46. Kf1
Rb1 $15) 42... Nxe5 43. Bxe5 Bxe5 44. Nxc2 Rb2 45. Ne3 Bd4 $15 {/=}) 41. Bxc3
Ra3 42. Re3 Nd5 43. Bb2 $1 $11 {it looks like black missed this move in his
calculations.} Rxe3 44. fxe3 Nxe3 45. Bd4 Bc5 46. Bxc5 Nxc5 47. Bh3 {[%cal
Gg4g5]} Nc4 48. Bf1 (48. g5 Kg7 $14 {[%cal Gh6g5]}) 48... Ne3 49. g5 hxg5 50.
Nxg5+ Kh6 51. Nf7+ Kg7 52. Nd8 Ng4 53. Bh3 (53. Nc6 Nd7) 53... Nxe5 1/2-1/2

[Event "Redbus KO"]
[Site "Southend"]
[Date "1999.04.03"]
[Round "2.2"]
[White "Pein, Malcolm"]
[Black "Emms, John M"]
[Result "1-0"]
[WhiteElo "2425"]
[BlackElo "2573"]
[Annotator "Smirin,I"]
[PlyCount "69"]
[EventDate "1999.04.??"]
[EventType "k.o."]
[EventRounds "4"]
[EventCountry "ENG"]
[SourceTitle "CBM 071"]
[Source "ChessBase"]
[SourceDate "1999.08.01"]
[SourceVersion "1"]
[SourceVersionDate "1999.08.01"]
[SourceQuality "1"]

1. Nf3 c5 2. e4 e6 3. d3 Nc6 4. g3 Nge7 5. Bg2 g6 6. Nbd2 ({Deserved attention
} 6. d4 $5 cxd4 (6... d5 $5 7. dxc5 dxe4 8. Qxd8+ Nxd8 9. Nfd2 f5 $15) 7. Nxd4
Bg7 8. Nxc6 (8. Be3 d5 9. Nxc6 Nxc6 10. exd5 exd5 11. c3 d4 12. cxd4 Nxd4 13.
O-O O-O 14. Nc3 Bf5 $11 15. Rc1 Qb6 {1/2-1/2 Komliakov,V-Rublevsky,S/Kurgan
1995}) 8... bxc6 (8... Nxc6 $5) 9. Qd6 Ba6 10. Nc3 Qb6 $132 {[%cal Gc6c5]
Morozevich,A-Ree,H/Tilburg 1994 1-0 (28)}) 6... Bg7 7. h4 (7. O-O O-O 8. Re1 d5
9. e5 $6 h6 (9... Qc7 $5 10. Qe2 g5 $1 {[%cal Gg5g4,Ge7g6]} 11. Nxg5 Qxe5 $36)
10. h4 Nf5 11. Nf1 Ncd4 12. N1h2 Nxf3+ 13. Nxf3 b5 14. Bf4 a5 15. Qd2 $14 {
Cao,S-Rudenski,N/Moscow olm VIE-Bas 1994 0-1(34)}) 7... h6 8. O-O d6 {it is
more flexible continuation than 8. ...d5} (8... O-O 9. Re1 d6 10. Nf1 Rb8 11.
a4 e5 12. N3h2 f5 13. h5 g5 $6 (13... f4 $1 $15 {[%csl Rc1,Rf1]}) 14. exf5 Nxf5
15. Ne3 Nxe3 16. Bxe3 Nd4 17. c3 $14 {[%csl Gd5,Gg4] Hudiakov
Alexander-Lizinov,S/RUS club ch 1996/1-0 (47)}) 9. c3 e5 10. a3 O-O 11. b4 Be6
(11... b5 $5 {taking space advantage on queenside}) 12. b5 Na5 {after this
move black has to spend a few moves to transfer the knight to the better
position.More accurate was} (12... Nb8 {[%cal Gb8d7]}) 13. Bb2 Qd7 14. a4 a6
15. c4 {[%csl Ra5][%cal Gb2c3]} b6 16. Bc3 Nb7 17. Nh2 Nd8 18. f4 $14 {in
better position white desides to open a second front} Ra7 19. Qb1 exf4 ({
To optimistic was} 19... f5 20. Qb2 Nf7 21. Nhf3 Qc7 22. Rfe1 $36) 20. Bxg7
Kxg7 21. gxf4 Bh3 $2 {A blunder.After correct} (21... f5 $132 {[%csl Gd4,Gf4]
[%cal Yd8e6,Ye6d4,Ge6g8,Ye6f4] black has sunficient counterplay.}) 22. f5 $18 {
just winning a piese.} Bxg2 23. f6+ Kh7 24. fxe7 Qxe7 25. Kxg2 Qxh4 26. Ndf3
Qh5 27. Qe1 g5 28. Qg3 Ne6 29. Ng4 {[%cal Gf1h1]} f5 30. exf5 Nf4+ 31. Kf2 Re7
(31... Nxd3+ 32. Ke3 Nf4 33. Rh1 Re7+ 34. Kf2 Re2+ 35. Kg1 $18) 32. Rh1 Re2+
33. Kg1 Qe8 34. Nxg5+ Kg7 35. Qxf4 1-0

[Event "Lazne Bohdanec"]
[Site "Lazne Bohdanec"]
[Date "1997.??.??"]
[Round "2"]
[White "Jansa, Vlastimil"]
[Black "Votava, Jan"]
[Result "1/2-1/2"]
[WhiteElo "2490"]
[BlackElo "2530"]
[Annotator "Soffer,R"]
[PlyCount "61"]
[EventDate "1997.01.??"]
[EventType "tourn"]
[EventRounds "11"]
[EventCountry "CZE"]
[EventCategory "9"]
[SourceTitle "CBM 057"]
[Source "ChessBase"]
[SourceDate "1997.04.01"]
[SourceVersion "1"]
[SourceVersionDate "1997.04.01"]
[SourceQuality "1"]

1. e4 c5 2. Nf3 e6 3. g3 a6 (3... Nf6 4. e5 Nd5 5. Bg2 Nc6 6. O-O d6 7. exd6
Bxd6 8. d4 O-O 9. c4 Nde7 10. Nc3 cxd4 11. Nxd4 Be5 12. Nxc6 Nxc6 13. Be3 $14
Bd7 14. Bc5 Re8 15. Nb5 Na5 (15... Bxb2 16. Rb1 Be5 $13) 16. Qe2 Qc8 $6 17.
Qxe5 Nxc4 18. Nxa7 Nxe5 19. Nxc8 Raxc8 20. Bd4 $16 {1-0 Jansa,V-Krasenkow,M/
Hamburg op 1992 (41)}) (3... b6 4. Bg2 Bb7 5. Nc3 Nf6 6. e5 Nd5 7. Nxd5 Bxd5 8.
b3 Nc6 9. Bb2 Rc8 10. O-O $14 Be7 11. c4 Bxf3 12. Bxf3 f5 $6 13. Qe2 Kf7 14.
Rad1 Qc7 15. Qe3 Rhd8 16. Rfe1 $16 {Jansa,V-Dizdarevic,E/Cattolica 1993/1-0 
(34)}) 4. Bg2 b5 {Black's opening strategy looks dubious: in the Sicilian this
queenside advance is usually unjustified when White castles short quickly and
has not yet played Nc3 In this game he gets away with it, but I suspect White
could achieve an advantage somewhere} 5. O-O Bb7 6. Re1 d6 7. d4 Nd7 (7... cxd4
8. Nxd4 Nf6 9. a4 b4 10. c3 $36) 8. a4 Ngf6 9. e5 (9. d5 $14) 9... Nd5 10. axb5
(10. Bg5 $5) 10... axb5 11. Rxa8 Qxa8 12. Na3 Nc7 (12... Qa5 $2 13. c4 $16) (
12... Qa6 $5 13. Qe2 c4 14. exd6 $140 Bxd6 15. Ng5 O-O 16. Nxe6 Re8) 13. exd6 (
13. c4 cxd4 $1 (13... b4 $6 14. exd6 Bxd6 15. Nc2 $14 Qa2 $6 16. dxc5 Bxc5 17.
Ne5 $1 (17. b3 Qxb3 $140 18. Nd2) 17... Nxe5 18. Bxb7 f6 (18... Bxf2+ 19. Kxf2
Qa7+ 20. Nd4 $18) 19. Rxe5 fxe5 20. Bc6+ Kf7 21. Qd7+ Be7 22. Bg5 Qb1+ 23. Kg2
Qxc2 24. Bxe7 $18) 14. exd6 Bxd6 15. Nxb5 Nxb5 16. cxb5 Bb4) (13. dxc5 dxc5 14.
c4 b4 15. Nc2 Be7 16. b3 $14) 13... Bxd6 14. dxc5 (14. c4 cxd4 15. Qxd4 (15.
Nxb5 Nxb5 16. cxb5 Bb4) 15... Bxa3 16. Rd1 (16. Qxg7 Rf8 17. bxa3 Bxf3 18. Bxf3
Qxf3 19. Bf4 Kd8 $13) 16... Nf6 17. bxa3 O-O $11) 14... Bxc5 15. Bf4 (15. Qd3
$5 Qa7 (15... Bxa3 16. bxa3 Nf6 17. Bb2 O-O 18. Ng5 Bxg2 19. Bxf6 g6 20. f3 $16
) 16. Re2 Bc6 (16... b4 17. Nc4 Nd5 18. Ng5 $36) 17. c3 $14) 15... Bxa3 (15...
Qc8 16. Bd6 $16) 16. bxa3 (16. Bxc7 $2 Bxb2) 16... Nd5 17. Bd6 Qa6 18. Bb4 Nxb4
19. axb4 Nf6 20. Qd4 $6 (20. Qa1 $5 Qc6 (20... Qxa1 21. Rxa1 O-O 22. Ra5 $16)
21. Nh4 Qb6 22. Nf5 O-O 23. Qa5 (23. Nh6+ Kh8) 23... Qxa5 24. Ne7+ Kh8 25. bxa5
Bxg2 26. Kxg2 Ra8 27. Ra1 Ra6 28. Kf3 $16) 20... O-O 21. Ra1 Qc6 22. Ra7 Qc8 (
22... Ra8 23. Rxa8+ Bxa8 24. Qd8+ Qe8 25. Qa5 $14 (25. Qxe8+ Nxe8 26. Nd4 Bxg2
27. Kxg2 Nd6 $11)) 23. Qc5 (23. Qb6 Bxf3 24. Bxf3 Qc3) 23... Bd5 24. Ne5 Qxc5
25. bxc5 Rc8 26. c6 h6 27. Rb7 Bxg2 28. Kxg2 Nd5 29. Rxf7 (29. Rxb5 f6) 29...
Nb4 30. Rb7 (30. c7 Nd5) 30... Nxc6 31. Rxb5 1/2-1/2

[Event "Reggio Emilia Top15 33rd"]
[Site "Reggio Emilia"]
[Date "1991.??.??"]
[Round "?"]
[White "Vaganian, Rafael A"]
[Black "Portisch, Lajos"]
[Result "1-0"]
[WhiteElo "2585"]
[BlackElo "2590"]
[Annotator "Stohl,I"]
[PlyCount "83"]
[EventDate "1991.01.??"]
[EventType "tourn"]
[EventRounds "14"]
[EventCountry "ITA"]
[EventCategory "15"]
[SourceTitle "CBM 022"]
[Source "ChessBase"]
[SourceDate "1991.06.01"]
[SourceVersion "1"]
[SourceVersionDate "1991.06.01"]
[SourceQuality "1"]

1. Nf3 {Gurevich,M} c5 2. c4 e6 3. Nc3 a6 $5 (3... Nf6 4. g3 b6 5. Bg2 Bb7 6.
O-O Nc6 (6... d6 7. Re1 Be7 8. e4 Nc6 $5 9. d4 cxd4 10. Nxd4 Nxd4 11. Qxd4 O-O
12. b3 a6 13. Bb2 (13. Ba3 $5) 13... Qc7 14. Rac1 Rab8 15. Nd1 Ne8 16. Ne3 Bf6
17. Qd2 Bxb2 18. Qxb2 Nf6 19. Qd4 Qc5 20. Red1 $14 {Hansen,Cu-Van der Werf,M,
Groningen op (01)-CBM 22}) 7. e4 d6 8. d4 cxd4 9. Nxd4 Nxd4 10. Qxd4 Be7 11. b3
O-O 12. Ba3 Qb8 13. Rfd1 Rd8 14. Rac1 Bc6 15. h3 a6 16. Bb4 Qb7 17. Qe3 b5 18.
cxb5 axb5 19. Rc2 $14 {Vaganian,R-Hellers,F,New York op 1990-EXP 16}) 4. e4 Qc7
5. g3 (5. d4 cxd4 6. Nxd4 Nf6 {-B}) 5... d6 6. Bg2 Nf6 7. O-O Be7 8. b3 b6 9.
d4 cxd4 10. Nxd4 Bb7 11. Bb2 Nc6 (11... Nbd7 $5 12. f4 (12. Qe2 {Gurevich,M}
O-O 13. Rfd1 Rac8 {/\ 14... Qb8}) 12... O-O 13. f5 e5 14. Nc2 b5 $132) 12. Rc1
Nxd4 (12... O-O $2 13. Nd5 $16) 13. Qxd4 Rb8 (13... O-O $6 14. Na4 Bd8 15. Rfd1
Ne8 16. Ba3 $16) 14. Rfd1 O-O 15. Ba3 Rfd8 16. h3 Ba8 17. Rd2 h6 18. Bb4 Rd7
19. Qe3 $14 {()/\Rcd1,e5} b5 $2 (19... Ne8 $14) (19... Ne8 {Gurevich,M} 20.
Rcd1 Rdd8) 20. cxb5 axb5 21. e5 $1 Nd5 (21... dxe5 22. Rxd7 Qxd7 23. Qxe5 $16 {
><b5} (23. Qxe5 {Gurevich,M} Rc8 24. Rd1 Qe8 25. Bxe7 Qxe7 26. Bxa8 Rxa8 27.
Qxb5 $16)) (21... Ne8 22. Bxa8 Rxa8 23. Rcd1 Qc6 24. exd6 $16) 22. Rxd5 $1 exd5
23. Nxd5 Qd8 (23... Qa7 24. Qxa7 Rxa7 25. Nxe7+ Rxe7 26. Bxd6 $18) 24. e6 $1 (
24. Nxe7+ Qxe7 25. Bxd6 Rxd6 26. exd6 Qxd6 27. Bxa8 Rxa8 $14) 24... fxe6 (24...
Rdb7 25. exf7+ Kxf7 26. Nf4 $18 {->} (26. Re1 {Gurevich,M} Kf8 27. Qe6 {
/\ 28.Re3})) 25. Ba5 $1 Qxa5 (25... Qe8 26. Qxe6+ (26. Nc7 {Gurevich,M}) 26...
Kh8 27. Nc7 $18) 26. Qxe6+ Kh8 27. Qxd7 Bxd5 28. Bxd5 $18 {->^-} Qd8 $8 29. Qe6
Qf8 (29... Bf6 30. Be4 $18) (29... Bf6 $142 {Gurevich,M}) 30. Rc7 Bf6 31. Rf7
Qe8 32. Rxf6 $5 (32. Rb7 $18) 32... gxf6 33. Qxf6+ Kh7 34. Qxd6 Rd8 35. Qc7+
Kh8 (35... Rd7 36. Be4+ Kg7 37. Qc3+ $18) 36. Qc3+ Kh7 37. Qd3+ Kh8 38. Qd4+
Kh7 39. Kg2 Qe7 40. Qd3+ Kh8 41. Qxb5 Qe5 42. Bc6 {[Stohl]} 1-0